Normal view
MARC view
- Hansen, Colin H:Bies, David. A
Entry Personal Name
001 - CONTROL NUMBER
- control field: 67344
003 - CONTROL NUMBER IDENTIFIER
- control field: NUST
005 - DATE AND TIME OF LATEST TRANSACTION
- control field: 20210628203809.0
008 - FIXED-LENGTH DATA ELEMENTS
- fixed length control field: 210628|| aca||aabn | a|a d
040 ## - CATALOGING SOURCE
- Original cataloging agency: NUST
- Transcribing agency: NUST
100 ## - HEADING--PERSONAL NAME
- Personal name: Hansen, Colin H:Bies, David. A
670 ## - SOURCE DATA FOUND
- Source citation: Work cat.: (NUST): Hansen, Colin H:Bies, David. A, Engineering noise control;theory and practice, 2003
